| 000 | 00429nam a2200157Ia 4500 | ||
|---|---|---|---|
| 008 | 210716s2007 xx 000 0 und d | ||
| 020 | _a9788126508853 | ||
| 041 | _aeng | ||
| 082 | _a005.42 SILA | ||
| 100 | _aSilberschat, Abraham;Galvin, Peter Baer; Gagne, Greg. | ||
| 245 | _aOperating system concepts. | ||
| 250 | _a6 | ||
| 260 |
_aNew York _bJohn Wiley and Sons _c2007 |
||
| 300 | _axxi,887 | ||
| 650 | _aOperating Systems | ||
| 999 |
_c188075 _d188075 |
||